| 000 | 00813nam a2200241Ia 4500 | ||
|---|---|---|---|
| 003 | OSt | ||
| 005 | 20220923224531.0 | ||
| 006 | a|||||r|||| 00| 0 | ||
| 007 | ta | ||
| 008 | Pun | ||
| 020 | _c250 | ||
| 024 | _a239,971 | ||
| 037 |
_b177, 24/10/2009, H.K. Prakashan _cTextual |
||
| 040 |
_aARTS _cARTS _bPun |
||
| 041 |
_2Pun _aPun |
||
| 082 | _aO153,1L30:g, P8 | ||
| 100 | _aਕਾਂਗ, ਕੁਲਬੀਰ ਸਿੰਘ, ਥਦ. | ||
| 245 | 0 |
_aਕਿੱਸਾ ਹੀਰ ਵਾਰਿਸ Fਾਹ _b ਪਾਠ ਤ ਸਮੀਖਿਆ |
|
| 260 |
_aਅੰਮ੍ਰਿਤਸਰ _b ਵਾਰਿਸ Fਾਹ _c2008 |
||
| 300 |
_a152ਪੰ _ccm. |
||
| 942 |
_hO153,1L30:g, P8 _cTEXL _2CC |
||
| 999 |
_c372021 _d372021 |
||